Introduction to Modern Photogrammetry / (Record no. 217192)

000 -LEADER
fixed length control field 01821 a2200265 4500
003 - CONTROL NUMBER IDENTIFIER
control field Nust
005 - DATE AND TIME OF LATEST TRANSACTION
control field 20220801113134.0
010 ## - LIBRARY OF CONGRESS CONTROL NUMBER
LC control number 2001281274
020 ## - INTERNATIONAL STANDARD BOOK NUMBER
International Standard Book Number 0471309249 (alk. paper)
035 ## - SYSTEM CONTROL NUMBER
System control number (OCoLC)ocm45735791
040 ## - CATALOGING SOURCE
Transcribing agency Nust
082 00 - DEWEY DECIMAL CLASSIFICATION NUMBER
Classification number 526.982,MIK
100 1# - MAIN ENTRY--PERSONAL NAME
Personal name Mikhail, Edward M.
9 (RLIN) 26078
245 10 - TITLE STATEMENT
Title Introduction to Modern Photogrammetry /
Statement of responsibility, etc. Edward M. Mikhail and James S. Bethel, J. Chris McGlone.
246 30 - VARYING FORM OF TITLE
Title proper/short title Modern photogrammetry
260 ## - PUBLICATION, DISTRIBUTION, ETC.
Place of publication, distribution, etc. New York :
-- Chichester :
Name of publisher, distributor, etc. Wiley,
Date of publication, distribution, etc. c2001.
300 ## - PHYSICAL DESCRIPTION
Extent ix, 479 p. :
Other physical details ill. ;
Dimensions 26 cm. +
Accompanying material 1 CD-ROM
505 ## - FORMATTED CONTENTS NOTE
Formatted contents note Introductory Concepts (Page-1),Elementary Photogrammetry (Page-13), Photogrammetric Sensing Systems (Page-33), Mathematical Concepts in Photogrammetry (Page-80), Resection, Intersection, and Triangulation (Page-107), Digital Photogrammetry (Page-152), Photogrammetric Instruments (Page-203), Photogrammetric Products (Page-225), Close-Range Photogrammetry (Page-247), Analysis of Multispectral and Hyperspectral Image Data (Page-276), Active Sensing Systems (Page-301), Appendix A: Mathematics for Photogrammetry (Page-351), Appendix B: Least Squares Adjustment (Page-387), Appendix C: Linearization of Photogrammetric Condition Equations (Page-423), Appendix D: Mathematical Description of Linear Features (Page-433), Appendix E: Further Consideration of the Rotation Matrix (Page-446), Appendix F: Orbital Photogrammetry (Page-455),<br/>Appendix G: Software for Photogrammetric Applications (Page-464).<br/>
650 #0 - SUBJECT ADDED ENTRY--TOPICAL TERM
Topical term or geographic name entry element Photogrammetry.
9 (RLIN) 3482
700 1# - ADDED ENTRY--PERSONAL NAME
Personal name Bethel, James S.
9 (RLIN) 96003
700 1# - ADDED ENTRY--PERSONAL NAME
Personal name McGlone, J. Chris.
9 (RLIN) 96004
856 42 - ELECTRONIC LOCATION AND ACCESS
Materials specified Publisher description
Uniform Resource Identifier <a href="http://www.loc.gov/catdir/description/wiley034/2001281274.html">http://www.loc.gov/catdir/description/wiley034/2001281274.html</a>
856 42 - ELECTRONIC LOCATION AND ACCESS
Materials specified Table of contents
Uniform Resource Identifier <a href="http://www.loc.gov/catdir/toc/wiley021/2001281274.html">http://www.loc.gov/catdir/toc/wiley021/2001281274.html</a>
942 ## - ADDED ENTRY ELEMENTS (KOHA)
Koha item type Reference
Source of classification or shelving scheme
Holdings
Withdrawn status Lost status Source of classification or shelving scheme Damaged status Not for loan Permanent Location Current Location Shelving location Date acquired Full call number Barcode Date last seen Price effective from Koha item type Public note
          Military College of Signals (MCS) Military College of Signals (MCS) Reference 12/12/2016 526.982,MIK MCS31436 12/08/2016 12/12/2016 Reference Almirah No.19, Shelf No.5
© 2023 Central Library, National University of Sciences and Technology. All Rights Reserved.